000 01269nem a2200253 i 4500
001 40215
003 ES-MaACL
005 20230906160151.0
007 t|
008 030305s1860 sp | |0|1||spa d
110 2 _aEspaña.
_bDirección General de Correos.
_9160394
245 1 0 _aCarta de Correos y Postas de las provincias de Barcelona, Gérona, Lérida y Tarragona [
_hMaterial cartográfico] /
_ctrazada por la Dirección General de Correos.
255 _aEscala [1:460.000].
260 _a[Madrid?] :
_bDirección General de Correos,
_c1860.
300 _a1 h. pleg., 1 plano :
_bcol. ;
_c54,5 x 69,5 cm, pleg. en 14 x 10,5 cm.
501 _aEn el plano tabla de signos convencionales de conducciones y límites reflejados en el mapa.
507 _aEscala expresada también en leguas de 20.000 pies.
597 _aLa h. pleg.: "Lista alfabética correspondiente a la Carta de Correos y Postas de Cataluña: con todas las poblaciones que tienen correo diario en las provincias de Barcelona, Gerona, Lérida y Tarragona.
650 4 _aPostas-
_zBarcelona-
_vPlanos.
_9160399
650 4 _aPostas-
_zGerona-
_vPlanos.
_9160400
650 4 _aPostas-
_zLérida-
_vPlanos.
_9160401
650 4 _aPostas-
_zTarragona-
_vPlanos.
_9160402
852 _aES-MaACL
_jG-13389
999 _c40215
_d40215